000 00981cgm a2200325 4500
001 J98021
008 090401t1999 xxu||||| |||| 00| 0 eng d
035 _a(Sirsi) u92722
041 _aeng
050 _a347.41067
100 _aBevans, Geoffrey
245 _aSurveyors as advocates and expert witnesses (sound recording).
260 _aLondon
_bRICS
_c1999
300 _a1 sound cassette (60 min.)
350 _a14.1
490 _aOwlion Audio Programme
520 _aDescribes the roles and duties of advocates and expert witnesses according to prescribed RICS guidance and practice.
650 _aABOUT RICS-RICS MEMBERS
650 _aCOURTS
650 _aEXPERT WITNESSES
690 _aLAW
700 _aDale, Geoffrey
700 _aSalata, Anthony
700 _aSolon, Mark
700 _aLand, Howard
710 _aRoyal Institution of Chartered Surveyors
_94900
710 _aCollege of Estate Management
_9400
942 _n0
948 _c14/04/1999
999 _c85386
_d85386